000 00531nam a2200193Ia 4500
005 20250508152752.0
008 008 250505s9999 xx 000 0 eng d
037 _aTextual
040 _aFEDL
_beng
_cFEDL
041 _aeng
_2eng
084 _a158.1, SMI
_qFEDL
100 _aSmith Henry Clay
245 0 _aPersonlity adjustment
260 _aNew York, USA
_bMcGraw Hill Book Company
_c1961
300 _aviii,617p.
650 _aApplied Psychology
942 _cTEXL
_h158.1, SMI
999 _c1338632
_d1338632